UM Logo

NSRC national service reserve corps in action : (Record no. 17596)

MARC details
000 -LEADER
fixed length control field 00711nam a2200181 4500
005 - DATE AND TIME OF LATEST TRANSACTION
control field 20241212101550.0
008 - FIXED-LENGTH DATA ELEMENTS--GENERAL INFORMATION
fixed length control field 221108b ||||| |||| 00| 0 eng d
020 ## - INTERNATIONAL STANDARD BOOK NUMBER
International Standard Book Number 9789718218372
082 ## - DEWEY DECIMAL CLASSIFICATION NUMBER
Classification number DFil 361.25 L115 2019
100 ## - MAIN ENTRY--PERSONAL NAME
Personal name Labuguen, Florida C.
9 (RLIN) 46745
245 ## - TITLE STATEMENT
Title NSRC national service reserve corps in action :
Remainder of title towards community transformation in the 21st century /
Statement of responsibility, etc. Florida C. Labuguen
260 ## - PUBLICATION, DISTRIBUTION, ETC. (IMPRINT)
Place of publication, distribution, etc. Malabon City :
Name of publisher, distributor, etc. Mutya Publishing House, Inc.,
Date of publication, distribution, etc. ©2019.
300 ## - PHYSICAL DESCRIPTION
Extent 117 pages :
Other physical details illustrations ;
Dimensions 27 cm.
500 ## - GENERAL NOTE
General note Includes bibliographical references.<br/>
650 ## - SUBJECT ADDED ENTRY--TOPICAL TERM
Topical term or geographic name as entry element National Service Training Program.
9 (RLIN) 6676
650 ## - SUBJECT ADDED ENTRY--TOPICAL TERM
Topical term or geographic name as entry element Reserve Officers' Training Corps.
9 (RLIN) 6677
942 ## - ADDED ENTRY ELEMENTS (KOHA)
Source of classification or shelving scheme Dewey Decimal Classification
Koha item type Filipiniana
Holdings
Withdrawn status Lost status Source of classification or shelving scheme Damaged status Not for loan Collection code Home library Current library Date acquired Source of acquisition Cost, normal purchase price Total Checkouts Full call number Barcode Date last seen Price effective from Koha item type
    Dewey Decimal Classification     Filipiniana UM Digos College - LIC UM Digos College - LIC 08/16/2022 Purchased 448.00   DFil 361.25 L115 2019 27568 05/15/2025 11/08/2022 Filipiniana